路線名 一覧クイズ 福岡県 - Statistics

General Stats
  • This quiz has been taken 169 times
  • The average score is 20 of 27
Answer Stats
事業者名 答え 区間 % Correct
JR西日本 山陽新幹線 小倉~博多
96%
JR九州 鹿児島本線 門司港~原田・久留米~大牟田
96%
福岡市交通局 空港線 福岡空港~姪浜(全線)
90%
JR西日本 博多南線 博多~博多南(全線)
87%
JR九州 九州新幹線 博多・久留米~新大牟田
86%
JR九州 日豊本線 小倉~吉富
86%
JR九州 山陽本線 門司
82%
福岡市交通局 七隈線 博多~橋本(全線)
82%
西日本鉄道 天神大牟田線 西鉄福岡(天神)~大牟田(全線)
82%
JR九州 香椎線 西戸崎~宇美(全線)
81%
西日本鉄道 貝塚線 貝塚~西鉄新宮(全線)
80%
JR九州 筑肥線 姪浜~鹿家
78%
JR九州 日田彦山線 城野~宝珠山
78%
西日本鉄道 太宰府線 西鉄二日市~太宰府(全線)
77%
JR九州 久大本線 久留米~筑後大石
75%
JR九州 後藤寺線 新飯塚~田川後藤寺(全線)
75%
三セク② 甘木線(甘木鉄道) 小郡~甘木
75%
JR九州 篠栗線 桂川~吉塚(全線)
74%
西日本鉄道 甘木線 宮の陣~甘木(全線)
73%
福岡市交通局 箱崎線 中洲川端~貝塚(全線)
69%
JR九州 筑豊本線 若松~原田(全線)
67%
平成筑豊鉄道 田川線 行橋~田川伊田(全線)
61%
三セク① 小倉線(北九州高速鉄道) 小倉~企救丘(全線)
54%
平成筑豊鉄道 伊田線 直方~田川伊田(全線)
53%
中小私鉄① 筑豊電気鉄道線(筑豊電気鉄道) 黒崎駅前~筑豊直方(全線)
41%
平成筑豊鉄道 糸田線 金田~田川後藤寺(全線)
41%
平成筑豊鉄道 門司港レトロ観光線 九州鉄道記念館~関門海峡めかり(全線)
31%
No matching quizzes found
Score Distribution
Percent of People with Each Score
Percentile by Number Answered
Your Score History
You have not taken this quiz